000 00950nam a22003377a 4500
001 BR2014001181
003 BR-BrBNA
005 20230928104351.0
007 ta
008 230509b bl.||||| |||| 00| 0 por d
040 _aBR-BrBNA
_bpor
_cBiblioteca Nacional de Agricultura
041 _a(Por)
072 _aF01
_b1126
090 _ 1126 BR2014001181
100 1 _aSanches, N.F. (ed.)
100 1 _aMatos, A.P. de (ed.)
110 1 _aEmpresa Brasileira de Pesquisa Agropecuária, Brasília, DF (Brasil)
245 1 _aAbacaxi: o produtor pergunta, a embrapa responde
250 1 _a2. ed.
260 3 _aBrasília, DF (Brasil):
_c2013.
300 _a196 p.
500 _aIncludes several bibliographies.; 57 illus
650 _aFRUTA TROPICAL
650 _aANANAS COMOSUS
650 _aPLANTIO
650 _aPLANTIO
650 _aCOLHEITA
650 _aVALOR NUTRITIVO
909 _a202309
_bLucia
_c55
_dLucia Elande
942 _cBK
999 _c79529
_d79529